| 000 | 00856nas a2200265 4500 | ||
|---|---|---|---|
| 001 | BR0901390 | ||
| 003 | BR-BrBNA | ||
| 005 | 20231205113219.0 | ||
| 007 | ta | ||
| 008 | 230509b bl.|||p| |||| 00| 00por d | ||
| 040 |
_aBR-BrBNA _bpor _cBiblioteca Nacional de Agricultura |
||
| 041 | _a(Pt) | ||
| 072 | _aF08 | ||
| 100 | 1 | _aCamargo, M.S. de | |
| 100 | 1 | _aCarmello, Q.A. de | |
| 100 | 1 | _aRuschel, J. | |
| 100 | 1 | _aAnti, G.R. | |
| 245 | 1 | _aProdução de plantas e absorção de nutrientes pelo Aster Ericoides (White Master)cultivados em solução nutritiva com diferentes concentrações de N e K. | |
| 650 | _aPLANTA | ||
| 650 | _aPRODUÇÃO | ||
| 650 | _aNUTRIENTE | ||
| 773 | 0 |
_tBioscience Journal (Brazil) _xISSN 1516-3725 _g(Sep-Dec 2004), v. 20(3) p. 83-91 _wBR0901390 |
|
| 909 |
_a202311 _bLúcia _c55 _dLúcia Elande |
||
| 942 |
_2AGRIS _n0 _cANA |
||
| 999 |
_c202491 _d202491 |
||